01008nam a2200277 i 4500001000300000100002300003245010600026260005300132300003500185504005700220650002500277650003700302700001800339700001800357020001500375040000800390041000800398080003000406920001800436942000700454008004100461999001700502856009800519952005600617952005700673bg1 aKOLEGOWICZ, Konrad10aAspekty ekonomiczno-prawne kosztów pracy w Polsce /cKonrad Kolegowicz, Beata Kulisa, Anna Nehring. aKraków :bWydaw. Akademii Ekonomicznej,c2004. a83 s. :btab., wykr. ;c24 cm. aBibliogr. s. 80-82, wykaz aktów prawnych s. 82-83. 9aKoszty pracyxteoria 9aKoszty pracyzPolskayod 1989 r.1 aKULISA, Beata1 aNEHRING, Anna a8372521964 cBPK0 apol a331.101.26(438)"1989/..." a83-7252-196-4 cKS s pl f |000 0 pol  c45487d45487 uhttp://koha.tu.koszalin.pl/cgi-bin/koha/opac-detail.pl?biblionumber=45487yKatalog online BPK 00104071aBPKbBPKcco74320p02248226t331 PyKS 00104071aBPKbBPKceho74321p02248219t331 PyKS